Normal view MARC view

Entry Personal Name

Number of records used in: 4

001 - CONTROL NUMBER

  • control field: 54505

003 - CONTROL NUMBER IDENTIFIER

  • control field: dpl

005 - DATE AND TIME OF LATEST TRANSACTION

  • control field: 20121220144900.0

008 - FIXED-LENGTH DATA ELEMENTS

  • fixed length control field: 121220|||a|||||| | ||| d

040 ## - CATALOGING SOURCE

  • Original cataloging agency: dpl
  • Transcribing agency: dpl

100 ## - HEADING--PERSONAL NAME

  • Personal name: Mustafa, Faisal

670 ## - SOURCE DATA FOUND

  • Source citation: Work cat.: (dpl): Mustafa, Faisal, Oriental libraries of India in internet age /, 2013

670 ## - SOURCE DATA FOUND

  • Source citation: Work cat.: (dpl): Mustafa, Faisal, Oriental libraries of India in internet age /, 2013

© Delhi Public Library
Hit Counter
free hit counter